000
00273nam a22001217a 4500
008
170824b xxu||||| |||| 00| 0 eng d
041
_a
eng
080
_a
51
100
_a
38
101
_a
MAT
245
_a
MODERN INTRODUCTORY ANALYSIS
_c
DOLCIANI.M.P
942
_2
udc
_c
BK
999
_c
24757
_d
24757